From Machine-to-Machine to the Internet of Things: Introduction to a New Age of Intelligence (Record no. 10844)
[ view plain ]
| 000 -LEADER | |
|---|---|
| fixed length control field | 00586nam a22002177a 4500 |
| 003 - CONTROL NUMBER IDENTIFIER | |
| control field | OSt |
| 008 - FIXED-LENGTH DATA ELEMENTS--GENERAL INFORMATION | |
| fixed length control field | 210814b ||||| |||| 00| 0 eng d |
| 020 ## - INTERNATIONAL STANDARD BOOK NUMBER | |
| International Standard Book Number | 9780124076846 |
| 082 ## - DEWEY DECIMAL CLASSIFICATION NUMBER | |
| Classification number | 004.62 HOF |
| 100 ## - MAIN ENTRY--PERSONAL NAME | |
| Personal name | HOLLER,Jan |
| 245 ## - TITLE STATEMENT | |
| Title | From Machine-to-Machine to the Internet of Things: Introduction to a New Age of Intelligence |
| 260 ## - PUBLICATION, DISTRIBUTION, ETC. (IMPRINT) | |
| Place of publication, distribution, etc | New Delhi |
| Name of publisher, distributor, etc | Elsevier |
| Date of publication, distribution, etc | 2014 |
| 300 ## - PHYSICAL DESCRIPTION | |
| Extent | 331 |
| 650 ## - SUBJECT ADDED ENTRY--TOPICAL TERM | |
| Topical term or geographic name as entry element | IOT |
| 700 ## - ADDED ENTRY--PERSONAL NAME | |
| Personal name | TSIATSIS,Vlasios |
| 700 ## - ADDED ENTRY--PERSONAL NAME | |
| Personal name | MULLIGAN,Catherine |
| 700 ## - ADDED ENTRY--PERSONAL NAME | |
| Personal name | KARNOUSKOS,Stamatis |
| 700 ## - ADDED ENTRY--PERSONAL NAME | |
| Personal name | AVESAND,Stefan |
| 700 ## - ADDED ENTRY--PERSONAL NAME | |
| Personal name | BOYLE,David |
| 942 ## - ADDED ENTRY ELEMENTS (KOHA) | |
| Source of classification or shelving scheme | Dewey Decimal Classification |
| Koha item type | Text Books |
| Withdrawn status | Lost status | Source of classification or shelving scheme | Damaged status | Not for loan | Collection code | Home library | Current library | Date acquired | Source of acquisition | Currency | Cost, normal purchase price | Bill Number | Total Checkouts | Full call number | Acc. no. / Barcode | Date last seen | Date last borrowed | Actual Cost, discounted price | Bill Date | Koha item type |
|---|---|---|---|---|---|---|---|---|---|---|---|---|---|---|---|---|---|---|---|---|
| Dewey Decimal Classification | B.Tech(ECE) | PIET C-LIBRARY | PIET C-LIBRARY | 12/07/2021 | Kirti Praskshan | IN Rupees | 7716.00 | INT/212210159 | 1 | 004.62 HOF | 33143 | 24/03/2023 | 09/11/2021 | 5864.25 | 12/07/2021 | Text Books | ||||
| Dewey Decimal Classification | B.Tech(ECE) | PIET C-LIBRARY | PIET C-LIBRARY | 12/07/2021 | Kirti Praskshan | IN Rupees | 7716.00 | INT/212210159 | 004.62 HOF | 33144 | 14/08/2021 | 5864.25 | 12/07/2021 | Text Books |